Statistics for Famous Lines of Poetry #1

Click here to take the quiz!

General Stats

  • This quiz has been taken 30,559 times
    (25,246 since last reset)
  • The average score is 8 of 15

Answer Stats

PoemPoetLine% Correct
TraditionalTraditionalRoses are red / {violets} are blue
93%
The Rime of the
Ancient Mariner
Samuel ColeridgeWater, water, everywhere / Nor any drop to {drink}
79%
Sonnet 18William ShakespeareShall I compare thee to a {summer}'{s} {day}?
75%
Stopping by Woods on
a Snowy Evening
Robert FrostBut I have promises to keep / And miles to go before I {sleep}
67%
As You Like ItWilliam ShakespeareAll the world's a stage / And all the men
and women merely {players}
64%
Sonnet 43Elizabeth BrowningHow do I love thee? Let me {count} {the} {ways}
64%
The Midnight Ride of
Paul Revere
Henry LongfellowOne if by land, and {two} {if} {by} {sea}
59%
She Walks in BeautyLord ByronShe walks in beauty, like the {night}
49%
The TygerWilliam BlakeTyger Tyger, {burning} {bright}
47%
The RavenEdgar Allan PoeOnce upon a midnight dreary,
while I pondered, {weak} {and} {weary}
39%
UntitledDylan ThomasDo not go {gentle} into that good night
35%
The Charge of the
Light Brigade
Alfred, Lord TennysonTheirs not to reason why / Theirs but to {do} {and} {die}
35%
OzymandiasPercy ShelleyLook on my works, ye Mighty, and {despair}!
26%
Song of MyselfWalt WhitmanI sound my barbaric {yawp} over the roofs of the world.
13%
HowlAllen GinsbergI saw the best minds of my generation destroyed by {madness}
12%

Score Distribution

Percentile by Number Answered

Percent of People with Each Score

Your Score History

You have not taken this quiz since the last reset